00364nam a22001217a 450000500170000002000230001703500120004003700130005224500870006526000500015230000190020270000210022120120502131657.0 a8187848014c355.00 aB-60633 aDPLbENG aIndia-Africa relations prospects in the new millennium /cedited by Uma Shakar Jha aDelhibAssociation of Indian Africanistc2001 a208p.c20 cms. aJha, Uma Shakar